Jubilál a Zenebarátok Kórusa
Elmentve itt :
| Dokumentumtípus: | Cikk |
|---|---|
| Megjelent: |
1967-10-07
|
| Sorozat: | Délmagyarország
57 No. 237 |
| Kulcsszavak: | Kórusmozgalom Szeged 1967, zeneélet 1962-1979 |
| Online Access: | http://dmarchiv.bibl.u-szeged.hu/76780 |
| LEADER | 00434nab a2200145 i 4500 | ||
|---|---|---|---|
| 001 | delm76780 | ||
| 005 | 20180928084321.0 | ||
| 008 | 180928s1967 hu o 0|| hun d | ||
| 040 | |a SZTE Délmagyarország Archívum |b hun | ||
| 041 | |a hun | ||
| 245 | 0 | 0 | |a Jubilál a Zenebarátok Kórusa |h [elektronikus dokumentum] |
| 260 | |c 1967-10-07 | ||
| 300 | |a 5 | ||
| 490 | 0 | |a Délmagyarország |v 57 No. 237 | |
| 695 | |a Kórusmozgalom Szeged 1967, zeneélet 1962-1979 | ||